000 00419nam a2200181Ia 4500
001 4401
005 20260306145753.0
008 260306t2003||||xx |||||||||||||| ||spa||
041 _aESP
082 _a321.4
_bD56
100 _aDemelás, Marie-Danielle
_eAUT
245 0 _aLa invención política
260 _c2003
300 _a653 páginas :
_ccm.
650 _aGEN
654 _aCHU
942 _cLIB
_dJUS
_fJUS
_2ddc
_n
999 _c4401
_d4401